[Event "Mondiale Lampo FIDE 2017"]
[Site "Riyadh"]
[Date "30.12.2017"]
[Round "18.64"]
[White "Al Habeeb, Emad"]
[Black "Minko, Vladimir"]
[Result "0-1"]
[BlackTitle "IM"]
[WhiteElo "1933"]
[BlackElo "2381"]
[WhiteFideId "21500029"]
[BlackFideId "24146706"]
[EventDate "2017.12.29"]

1. d4 Nf6 2. c4 e6 3. Nc3 c5 4. d5 exd5 5. cxd5 Bd6 6. Nf3 a6 7. a4 O-O 8. g3
Bc7 9. Bg2 d6 10. O-O Re8 11. Bg5 Nbd7 12. Qc2 h6 13. Bd2 Ba5 14. Nh4 Nf8 15. e4
Rb8 16. Rfe1 b5 17. axb5 axb5 18. Nd1 Bxd2 19. Qxd2 c4 20. Qc2 Nxd5 21. Nc3 Nb4
22. Qd2 Nd3 23. Re3 Be6 24. Nf3 Qb6 25. Bf1 Ne5 26. Nxe5 dxe5 27. Nd5 Bxd5 28.
exd5 Nd7 29. Rae1 Qd6 30. Bg2 Nc5 31. f4 f6 32. fxe5 fxe5 33. Qb4 Qb6 34. Kh1
Nd3 35. Qc3 0-1

[Event "Mondiale Lampo FIDE 2017"]
[Site "Riyadh"]
[Date "30.12.2017"]
[Round "18.65"]
[White "Al-Hajiri, Bader"]
[Black "Alem, Ali Hussien"]
[Result "1-0"]
[WhiteTitle "FM"]
[WhiteElo "2165"]
[BlackElo "1745"]
[WhiteFideId "10300163"]
[BlackFideId "21500088"]
[EventDate "2017.12.29"]

1. e4 d6 2. d4 Nf6 3. Nc3 g6 4. f4 Bg7 5. Nf3 c5 6. Bb5+ Bd7 7. e5 Bxb5 8. exf6
Bxf6 9. Nxb5 Qa5+ 10. Nc3 cxd4 11. Nxd4 Nc6 12. Nxc6 Bxc3+ 13. bxc3 Qxc3+ 14.
Bd2 Qxc6 15. O-O h5 16. f5 h4 17. fxg6 Kd8 18. gxf7 h3 19. f8=Q+ Rxf8 20. Rxf8+
Kc7 21. Rf2 hxg2 22. Qe2 e5 23. Rb1 Rh8 24. Rf7+ Kb8 25. Rbxb7+ Qxb7 26. Rxb7+
Kxb7 27. Qb5+ 1-0

[Event "Mondiale Lampo FIDE 2017"]
[Site "Riyadh"]
[Date "30.12.2017"]
[Round "18.66"]
[White "Al Mahmood, Salman"]
[Black "Al Abdali, Zeyad Saleh"]
[Result "0-1"]
[WhiteElo "1593"]
[BlackElo "1801"]
[WhiteFideId "11201517"]
[BlackFideId "21501505"]
[EventDate "2017.12.29"]

1. e4 e5 2. d4 Nc6 3. d5 Nce7 4. Nf3 d6 5. Be2 c6 6. dxc6 bxc6 7. O-O h6 8. c4
Nf6 9. Nc3 Ng6 10. h3 Be7 11. Be3 O-O 12. Qd2 Kh7 13. Rac1 Nh5 14. Nxe5 Nxe5 15.
Bxh5 Nxc4 16. Qc2 Nxe3 17. fxe3 Kg8 18. Ne2 Qb6 19. Nd4 Bg5 20. Qf2 c5 21. Nf5
Be6 22. Bf3 c4 23. Nd4 Rac8 24. Rfe1 Qd8 25. Qd2 Qb6 26. Rc2 a5 27. Rec1 Kh8 28.
a3 Bd7 29. Kh1 f5 30. exf5 Bxf5 31. Nxf5 Rxf5 32. Qe2 d5 33. Rd1 Qxe3 34. Qxe3
Bxe3 35. Rxd5 Rxd5 36. Bxd5 Bd4 37. b3 c3 38. Bc4 Re8 39. a4 Re1+ 40. Kh2 Be5+
41. g3 Bd4 42. Rg2 Kh7 43. Bb5 Rc1 44. Bd3+ Kg8 45. Re2 Kf8 46. Re4 Bg1+ 47. Kg2
Bc5 48. Re5 Bb4 49. Rf5+ Ke7 50. Re5+ Kd6 51. Re2 Rd1 52. Bf5 Rd2 53. Kf2 Kd5
54. g4 Rxe2+ 55. Kxe2 Kd4 56. Bg6 Ke5 57. Bf5 Kf4 58. Kf2 Kg5 59. Kg2 Kh4 60.
Bc2 h5 61. gxh5 Kxh5 62. Bf5 Kg5 63. Bc2 Kf4 64. Bh7 g5 65. Bc2 Ke3 66. Bg6 Kd2
67. Kg3 c2 68. Bxc2 Kxc2 69. Kg4 Bd2 0-1

[Event "Mondiale Lampo FIDE 2017"]
[Site "Riyadh"]
[Date "30.12.2017"]
[Round "18.67"]
[White "Al Saidi, Mohammed Khalfan"]
[Black "Al-Saffar, Araz Basim Mohammed S"]
[Result "0-1"]
[BlackTitle "IM"]
[WhiteElo "1468"]
[BlackElo "2368"]
[WhiteFideId "22001271"]
[BlackFideId "4801040"]
[EventDate "2017.12.29"]

1. d4 e6 2. c4 b6 3. Nc3 Bb7 4. e4 Bb4 5. Bd3 f5 6. d5 fxe4 7. Bxe4 Qh4 8. Qd3
Nf6 9. Bf3 exd5 10. cxd5 O-O 11. Ne2 Ba6 12. Qd4 Qxd4 13. Nxd4 Re8+ 14. Be3 d6
15. Ne6 Re7 16. O-O-O Bxc3 17. bxc3 Bc8 18. Rhe1 Na6 19. a4 Nc5 20. Nxc5 bxc5
21. a5 Rb8 22. Bg5 Rxe1 23. Rxe1 Kf8 24. Bxf6 gxf6 25. Be4 h6 26. Kc2 Bd7 27. f4
Ba4+ 28. Kd2 Rb2+ 29. Ke3 Bb3 30. Rb1 Rxb1 31. Bxb1 Bxd5 32. g3 Kf7 33. Bf5 Be6
34. Be4 d5 35. Bc2 Ke7 36. Ba4 Kd6 37. h4 Bg4 38. Be8 c4 39. Kd4 c5+ 40. Ke3 Kc7
41. Bb5 Bf5 42. Ba6 Bd7 43. Kf3 d4 44. cxd4 c3 45. Ke3 cxd4+ 46. Kxd4 c2 47. Be2
c1=Q 0-1

[Event "Mondiale Lampo FIDE 2017"]
[Site "Riyadh"]
[Date "30.12.2017"]
[Round "18.68"]
[White "Salama, Taher"]
[Black "Alanazy, Mohammed"]
[Result "0-1"]
[WhiteElo "1769"]
[BlackElo "1850"]
[WhiteFideId "11502231"]
[BlackFideId "21508488"]
[EventDate "2017.12.29"]

1. d4 d5 2. c4 c6 3. Nf3 Nf6 4. e3 Bf5 5. Bd3 Bxd3 6. Qxd3 e6 7. O-O Bd6 8. b3
Nbd7 9. Bb2 Rc8 10. Nbd2 Bb8 11. Rac1 O-O 12. Ne5 Nxe5 13. dxe5 Nd7 14. Nf3 Qc7
15. cxd5 exd5 16. Qf5 f6 17. exf6 Nxf6 18. g3 h6 19. Nd4 Qe7 20. Qg6 Qf7 21. Qf5
Rce8 22. a3 Qh5 23. Qxh5 Nxh5 24. b4 Nf6 25. b5 cxb5 26. Nxb5 Ne4 27. Rcd1 Rd8
28. Nd4 Be5 29. Ba1 Rfe8 30. Nf3 Bxa1 31. Rxa1 b6 32. a4 Rc8 33. a5 b5 34. Nd4
a6 35. Nf5 Rc2 36. Rad1 Rf8 37. Rxd5 Ra2 38. Re5 Ng5 39. Rc5 Rxa5 40. Kg2 Ne4
41. Re5 Nf6 42. Re7 Rf7 43. Re6 Rb7 44. Rb1 b4 45. Nd4 Kf7 46. Rc6 Ne4 47. Kf3
Nd2+ 48. Kf4 Nxb1 49. Rc8 g5+ 50. Ke4 Nc3+ 51. Kf3 b3 52. Rh8 Kg7 53. Rc8 b2 0-1

[Event "Mondiale Lampo FIDE 2017"]
[Site "Riyadh"]
[Date "30.12.2017"]
[Round "18.69"]
[White "Miswadah, Baha"]
[Black "Al Zamel, Khaled"]
[Result "1-0"]
[WhiteElo "1877"]
[BlackElo "1942"]
[WhiteFideId "11502118"]
[BlackFideId "21500967"]
[EventDate "2017.12.29"]

1. e4 c6 2. d4 d6 3. c4 Qc7 4. Nc3 Nf6 5. Bd3 e5 6. d5 Be7 7. Bg5 O-O 8. Nge2
Bg4 9. Bxf6 Bxf6 10. f3 Bh5 11. O-O Be7 12. Ng3 Bg6 13. Qc2 Nd7 14. Rae1 f6 15.
Kh1 Rfe8 16. Qd2 Nf8 17. Nd1 Bf7 18. Ne3 g6 19. Ng4 Kh8 20. Ne2 Nd7 21. Nh6 Bg8
22. Ng4 Nc5 23. b4 Nxd3 24. Qxd3 Bf8 25. a4 Qe7 26. a5 a6 27. Nc1 Rac8 28. Na2
Rc7 29. Nc3 h5 30. Nf2 g5 31. Ne2 Qg7 32. Ng3 Bh7 33. Nd1 h4 34. Nf5 Bxf5 35.
exf5 Qh6 36. Nf2 Qh7 37. Ng4 Be7 38. h3 Rec8 39. Nf2 cxd5 40. cxd5 Rc3 41. Qe2
Qxf5 42. Ne4 Rc2 43. Qe3 R2c4 44. Rc1 Rxc1 45. Rxc1 Rxc1+ 46. Qxc1 Bf8 47. Qc7
Qf4 48. Qd8 Qc1+ 49. Kh2 Qf4+ 50. Kg1 1-0

[Event "Mondiale Lampo FIDE 2017"]
[Site "Riyadh"]
[Date "30.12.2017"]
[Round "19.1"]
[White "Carlsen, Magnus"]
[Black "Artemiev, Vladislav"]
[Result "1-0"]
[WhiteTitle "GM"]
[BlackTitle "GM"]
[WhiteElo "2837"]
[BlackElo "2691"]
[WhiteFideId "1503014"]
[BlackFideId "24101605"]
[EventDate "2017.12.29"]

1. d4 Nf6 2. c4 g6 3. g3 Bg7 4. Bg2 d5 5. cxd5 Nxd5 6. Nf3 Nb6 7. Nc3 Nc6 8. e3
O-O 9. O-O Bd7 10. b3 Qc8 11. Bb2 Bh3 12. Qe2 Bxg2 13. Kxg2 a5 14. Ne4 a4 15.
Rac1 Rd8 16. Rfd1 Rd5 17. h3 Rh5 18. g4 Rd5 19. Nc5 axb3 20. axb3 Ra2 21. Ra1
Rxa1 22. Bxa1 Nd7 23. e4 Rd6 24. Nxd7 Rxd7 25. d5 Nb8 26. Bxg7 Kxg7 27. Qb2+ Kg8
28. Ra1 Rd6 29. b4 e6 30. dxe6 Rxe6 31. Ng5 Ra6 32. Qb3 Qe8 33. Rd1 Rd6 34. Rxd6
cxd6 35. Qd5 Qe7 36. b5 b6 37. Qa8 Qc7 38. Nf3 Kg7 39. Qa1+ Kg8 40. Qf6 Qd7 41.
Nd4 Qe8 42. Qxd6 Qxe4+ 43. Nf3 Qb7 44. h4 Nd7 45. Qc6 Qa7 46. Qc8+ Kg7 47. Qc3+
Kg8 48. h5 gxh5 49. gxh5 h6 50. Qc6 Kh7 51. Nd4 Nc5 52. Nf5 Ne6 53. Qc1 Qb7+ 54.
f3 Ng5 55. Qc6 Qxc6 56. bxc6 Ne6 57. Kf2 b5 58. Ke3 f6 59. Kd2 Kg8 60. Kc3 Kf8
61. Kb4 Nc7 62. Nxh6 Ke7 63. Nf5+ Kf7 64. Kc5 Kf8 65. Nd4 1-0

[Event "Mondiale Lampo FIDE 2017"]
[Site "Riyadh"]
[Date "30.12.2017"]
[Round "19.2"]
[White "Karjakin, Sergey"]
[Black "Yu, Yangyi"]
[Result "1/2-1/2"]
[WhiteTitle "GM"]
[BlackTitle "GM"]
[WhiteElo "2760"]
[BlackElo "2751"]
[WhiteFideId "14109603"]
[BlackFideId "8603820"]
[EventDate "2017.12.29"]

1. b3 Nf6 2. Bb2 b6 3. Nf3 Bb7 4. g3 g6 5. Bg2 Bg7 6. O-O O-O 7. c4 c5 8. e3 Na6
9. d4 d5 10. Nbd2 cxd4 11. Nxd4 Nc5 12. Qe2 Qc8 13. Rfd1 dxc4 14. Nxc4 Bxg2 15.
Kxg2 Qb7+ 16. Qf3 Nfe4 17. Ba3 Ne6 18. h4 Rad8 19. Bb2 N6c5 20. Nd2 f5 21. Nc4
Rd5 22. Kg1 Rfd8 23. Qe2 e5 24. Nf3 Nd3 25. Rf1 b5 26. Na3 Qa6 27. Rad1 Nxb2 28.
Rxd5 Rxd5 29. Qxb2 b4 30. Nc4 Nc3 31. a4 Qc6 32. Qc2 e4 33. Nfd2 Rd3 34. Nb1 h5
35. Nxc3 bxc3 36. Rc1 Qc5 37. Rd1 Qd5 38. Rc1 Qc5 39. Rd1 Qd5 40. Rc1 Kh7 41.
Kf1 Qc5 42. Rd1 Qd5 43. Ke2 Rxd1 44. Qxd1 Qc6 45. Qc2 Qd5 46. Qd1 Qc6 47. Qc2
Qd5 48. Qd1 Qc6 1/2-1/2

[Event "Mondiale Lampo FIDE 2017"]
[Site "Riyadh"]
[Date "30.12.2017"]
[Round "19.8"]
[White "Korobov, Anton"]
[Black "Rapport, Richard"]
[Result "1-0"]
[WhiteTitle "GM"]
[BlackTitle "GM"]
[WhiteElo "2652"]
[BlackElo "2707"]
[WhiteFideId "14105730"]
[BlackFideId "738590"]
[EventDate "2017.12.29"]

1. d4 e6 2. c4 b6 3. a3 Bb7 4. Nc3 Nf6 5. Nf3 Ne4 6. Nxe4 Bxe4 7. e3 Qf6 8. Be2
Bd6 9. O-O O-O 10. b4 c5 11. Nd2 Bc6 12. b5 Bb7 13. Bb2 cxd4 14. exd4 Bf4 15.
Bf3 d5 16. cxd5 Qh6 17. g3 Bxd2 18. dxe6 Bxf3 19. Qxf3 Nd7 20. exd7 Qe6 21. Rad1
Bg5 22. Qc6 Qb3 23. Ba1 Rad8 24. Rde1 Qxa3 25. Re8 Bf6 26. Rfe1 a6 27. d5 Bxa1
28. Rxd8 Rxd8 29. Re8+ Qf8 30. Rxf8+ 1-0

[Event "Mondiale Lampo FIDE 2017"]
[Site "Riyadh"]
[Date "30.12.2017"]
[Round "19.9"]
[White "Jobava, Baadur"]
[Black "Nepomniachtchi, Ian"]
[Result "1/2-1/2"]
[WhiteTitle "GM"]
[BlackTitle "GM"]
[WhiteElo "2690"]
[BlackElo "2729"]
[WhiteFideId "13601520"]
[BlackFideId "4168119"]
[EventDate "2017.12.29"]

1. b3 e5 2. Bb2 Nc6 3. e3 Nf6 4. Nf3 e4 5. Nd4 Nxd4 6. Bxd4 Be7 7. c4 O-O 8. Nc3
b6 9. Rc1 Bb7 10. Be2 c5 11. Be5 d6 12. Bg3 d5 13. cxd5 Nxd5 14. O-O Nb4 15. Rb1
Qd7 16. Bb5 Bc6 17. Bxc6 Qxc6 18. Qe2 Rad8 19. Rbd1 Nd3 20. f3 exf3 21. Rxf3 Bf6
22. e4 Bxc3 23. dxc3 c4 24. bxc4 Nc5 25. Rd5 Rfe8 26. Qd1 Rc8 27. e5 Ne4 28. Rd7
Qc5+ 29. Qd4 Nxg3 30. hxg3 Rf8 31. Rxa7 Qxc4 32. Qxb6 Qe4 33. Qd4 Qe1+ 34. Kh2
Rc6 35. Rf4 Rg6 36. Rg4 Rxg4 37. Qxg4 Qxe5 38. Qf3 Qd6 39. Qf4 Qb6 40. Rd7 Qc6
41. Rd3 h6 42. Qf3 Qc5 43. Qd5 Qa7 44. Rf3 Re8 45. c4 Rc8 46. a4 Re8 47. c5 Re6
48. c6 Qc7 49. Rc3 Re5 50. Qf3 Ra5 51. Rd3 Rxa4 52. Kh3 g5 53. Rd7 g4+ 54. Qxg4+
Rxg4 55. Rxc7 Rc4 56. Rc8+ Kg7 57. g4 Kf6 58. c7 Kg7 59. Kg3 Rc3+ 60. Kf4 Rc1
61. Ke5 Re1+ 62. Kf4 Rc1 63. Kg3 Rc3+ 64. Kh4 Rc4 1/2-1/2

[Event "Mondiale Lampo FIDE 2017"]
[Site "Riyadh"]
[Date "30.12.2017"]
[Round "19.10"]
[White "Bortnyk, Olexandr"]
[Black "Svidler, Peter"]
[Result "0-1"]
[WhiteTitle "GM"]
[BlackTitle "GM"]
[WhiteElo "2610"]
[BlackElo "2765"]
[WhiteFideId "14120828"]
[BlackFideId "4102142"]
[EventDate "2017.12.29"]

1. d4 Nf6 2. Nc3 d5 3. Bf4 a6 4. e3 Bf5 5. Nf3 e6 6. a3 c5 7. Ne5 cxd4 8. exd4
Bd6 9. Bd3 Bxd3 10. Qxd3 O-O 11. O-O Nh5 12. Be3 Nd7 13. f4 f5 14. Rae1 Nhf6 15.
Bf2 Ne4 16. Nxe4 fxe4 17. Qh3 Qe8 18. c4 Bxe5 19. fxe5 dxc4 20. Rxe4 Nb6 21. Rc1
Rc8 22. Rh4 Qg6 23. Rg4 Qf5 24. Qg3 Rf7 25. Be3 Qd3 26. Bg5 Qxg3 27. Rxg3 Nd5
28. Bd2 b5 29. Rf3 Rxf3 30. gxf3 Kf7 31. Kf2 Rd8 32. h3 Ne7 33. Bc3 Nf5 34. Rd1
Ke8 35. Rd2 Rd5 36. Ke2 Kd7 37. Rd1 Kc6 38. f4 Rd7 39. Kf3 Kd5 40. Rg1 g6 41.
Ra1 Rf7 42. a4 Nxd4+ 43. Bxd4 Kxd4 44. Rd1+ Kc5 45. axb5 axb5 46. Rd6 g5 47.
Rxe6 Rxf4+ 48. Ke3 Rh4 49. Re8 Kd5 50. e6 Rxh3+ 51. Kf2 Rb3 52. e7 Ke6 0-1

[Event "Mondiale Lampo FIDE 2017"]
[Site "Riyadh"]
[Date "30.12.2017"]
[Round "19.11"]
[White "Amin, Bassem"]
[Black "Bu, Xiangzhi"]
[Result "1/2-1/2"]
[WhiteTitle "GM"]
[BlackTitle "GM"]
[WhiteElo "2689"]
[BlackElo "2730"]
[WhiteFideId "10601457"]
[BlackFideId "8601445"]
[EventDate "2017.12.29"]

1. e4 e5 2. Nf3 Nc6 3. Bc4 Bc5 4. O-O Nf6 5. d3 d6 6. c3 a6 7. Bb3 Ba7 8. Re1 h6
9. Nbd2 Nh5 10. Nf1 Qf6 11. Ne3 Nf4 12. Nd5 Nxd5 13. exd5 Ne7 14. d4 exd4 15.
Nxd4 O-O 16. Be3 Bd7 17. Qd3 Qg6 18. Qxg6 Nxg6 19. h3 Rfe8 20. Bc2 Ne7 21. c4
Kf8 22. Bd3 Ng8 23. Re2 Nf6 24. Rae1 Re7 25. g4 Rae8 26. Kg2 Bb6 27. b4 Kg8 28.
a3 a5 29. Kf3 axb4 30. axb4 Ne4 31. Nb3 Bxe3 32. Rxe3 Ng5+ 33. Kg3 Rxe3+ 34.
Rxe3 Rxe3+ 35. fxe3 b6 36. h4 Nh7 37. Bxh7+ Kxh7 38. Kf4 g6 39. g5 Kg7 40. c5
bxc5 41. bxc5 Ba4 42. cxd6 cxd6 43. Nd2 hxg5+ 44. hxg5 Kf8 45. Ne4 Ke7 46. Nf6
Bb3 47. e4 Kd8 48. Ke3 Ke7 49. Kd4 Ba2 50. Kc3 Kd8 51. Kb4 Kc7 52. Kc3 Kd8 53.
Kb2 Bc4 54. Ka3 Kc7 55. Kb4 Ba2 56. Kb5 Bb1 57. Kc4 Kd8 58. Kd4 Ke7 59. e5 Bc2
60. Ng8+ Kd7 61. Nh6 dxe5+ 62. Kxe5 Ke7 63. d6+ Ke8 64. Ng4 Kd7 65. Nf6+ Kc6 66.
Nd5 Bb3 67. Nb4+ Kd7 68. Nd3 Kc6 69. Nb4+ Kd7 70. Na6 Ba2 71. Nb8+ Kc8 72. Nc6
Kd7 73. Na5 Be6 74. Nb7 Ba2 75. Nc5+ Kc6 76. Ne4 Kd7 77. Nf6+ Kc6 78. Ne8 Kd7
79. Nc7 Kc6 80. Ne8 Kd7 81. Nf6+ Kc6 82. Ne4 Kd7 83. Nc5+ Kc6 84. Nd3 Kd7 85.
Nf2 Kc6 86. Ng4 Kd7 87. Nh6 Bb3 88. Kf6 Kxd6 89. Nxf7+ Kd7 90. Ne5+ Ke8 91. Kxg6
Kf8 92. Kf6 Bc2 93. Ng6+ Kg8 94. Ne7+ Kf8 95. Nf5 Bxf5 96. Kxf5 Kf7 97. g6+ Kg7
98. Kg5 Kg8 99. Kf6 Kf8 100. g7+ Kg8 101. Kg6 1/2-1/2

[Event "Mondiale Lampo FIDE 2017"]
[Site "Riyadh"]
[Date "30.12.2017"]
[Round "19.12"]
[White "Melkumyan, Hrant"]
[Black "Adly, Ahmed"]
[Result "1-0"]
[WhiteTitle "GM"]
[BlackTitle "GM"]
[WhiteElo "2633"]
[BlackElo "2637"]
[WhiteFideId "13302485"]
[BlackFideId "10601619"]
[EventDate "2017.12.29"]

1. d4 Nf6 2. Nf3 e6 3. g3 c5 4. Bg2 Nc6 5. O-O d5 6. c4 dxc4 7. Na3 cxd4 8. Nxc4
Bc5 9. a3 O-O 10. b4 Be7 11. Bb2 Nd5 12. Nxd4 Nxd4 13. Qxd4 Bf6 14. Qd2 Bxb2 15.
Qxb2 b5 16. Na5 Qb6 17. Rfd1 Rd8 18. Rac1 Bb7 19. Nxb7 Qxb7 20. Rc5 h6 21. Qe5
a5 22. bxa5 b4 23. Bxd5 exd5 24. axb4 Qxb4 25. Qd4 Qa3 26. Ra1 Qb3 27. a6 Qb6
28. Kg2 Rxa6 29. Rxa6 Qxa6 30. e4 Re8 31. Rxd5 Qe2 32. Rd8 Rxd8 33. Qxd8+ Kh7
34. Qd5 Kg8 35. h4 Qc2 36. h5 Qe2 37. Qe5 Qc4 38. Qf5 Qc6 39. Qd5 Qc8 40. Qe5
Qd7 41. Qb8+ Kh7 42. Qf4 Kg8 43. g4 Qc8 44. g5 hxg5 45. Qxg5 Qe6 46. f3 Qa2+ 47.
Kg3 Qe6 48. Qd8+ Kh7 49. Qd5 Qe7 50. Qf5+ Kh8 51. Kg4 Qa7 52. Kh3 Qc7 53. e5 Qb7
54. Kg3 Qc7 55. Qe4 Qa7 56. Qe1 Qe7 57. Qe3 Qd7 58. Qf4 Qa7 59. Kh3 Qd7+ 60. Kh4
Qd8+ 61. Kg4 Qd7+ 62. Qf5 Qd4+ 63. Kh3 Qd5 64. Kg3 Qb7 65. Qg5 Qb6 66. Kh3 Qe6+
67. Kg3 Qb6 68. Kh3 Qe6+ 69. Kh4 Qd7 70. Qf4 Qe7+ 71. Kg3 Qa7 72. Kh3 Qd7+ 73.
Kh4 Qe7+ 74. Kg3 Qa7 75. Kg2 Qa2+ 76. Kh3 Qe6+ 77. Kg3 Qd7 78. h6 gxh6 79. Qxh6+
Kg8 80. Qf4 Qa7 81. Kh3 Qb7 82. Kg4 Qa7 83. Qg5+ Kf8 84. Qh6+ Kg8 85. Qf4 Qd7+
86. Kh4 Qa7 87. Qg3+ Kf8 88. f4 Qa1 89. Qg2 Qe1+ 90. Kg4 Qd1+ 91. Qf3 Qg1+ 92.
Kh3 Qd4 93. Qg3 Qd7+ 94. Kh4 Qd1 95. Kg5 Qc2 96. f5 Qd2+ 97. Kh5 Qe2+ 98. Kg5
Qd2+ 99. Kh4 Qd4+ 100. Kh3 Qe4 101. f6 Qf5+ 102. Kh4 Qh7+ 103. Kg5 Ke8 104. Kf4
Qh6+ 105. Ke4 Qh5 106. Qf3 Qh4+ 107. Ke3 Qa4 108. Qd5 Qa3+ 109. Ke4 Qa4+ 110.
Qd4 Qc2+ 111. Qd3 Qc6+ 112. Kf4 Qa4+ 113. Kg5 Qc6 114. Qe2 Qc1+ 115. Kg4 Qg1+
116. Kf4 Qc1+ 117. Kf3 Qc3+ 118. Qe3 Qc6+ 119. Qe4 Qc3+ 120. Kg4 Qc8+ 121. Kf4
Qa6 122. Qd4 Qf1+ 123. Kg3 Qe1+ 124. Kf3 Qf1+ 125. Ke4 Qe2+ 126. Qe3 Qc4+ 127.
Kf5 Qc2+ 128. Qe4 Qf2+ 129. Kg4 Qg1+ 130. Kh3 Qf1+ 131. Qg2 Qa6 132. Qg8+ Kd7
133. Qxf7+ Kc8 134. Qe8+ Kc7 135. Qe7+ Kc8 136. Qf8+ Kb7 137. Qb4+ Kc8 138. Qg4+
Kd8 139. Kh4 Qf1 140. Kg5 Qc1+ 141. Kg6 Qb1+ 142. Kg7 Qb2 143. Qg5 Kd7 144. f7
Ke6 145. f8=Q Kd5 146. Qd6+ Kc4 147. Qf4+ Kb5 148. Qb8+ 1-0

[Event "Mondiale Lampo FIDE 2017"]
[Site "Riyadh"]
[Date "30.12.2017"]
[Round "19.13"]
[White "Savchenko, Boris"]
[Black "Dreev, Aleksey"]
[Result "1-0"]
[WhiteTitle "GM"]
[BlackTitle "GM"]
[WhiteElo "2566"]
[BlackElo "2653"]
[WhiteFideId "4147332"]
[BlackFideId "4100107"]
[EventDate "2017.12.29"]

1. e4 c6 2. d4 d5 3. Nc3 dxe4 4. Nxe4 Bf5 5. Ng3 Bg6 6. h4 h6 7. Nf3 e6 8. Ne5
Bh7 9. Bd3 Bxd3 10. Qxd3 Nd7 11. f4 c5 12. Bd2 Nxe5 13. fxe5 Qxd4 14. Qb5+ Qd7
15. Qe2 Ne7 16. O-O-O Nc6 17. Rhf1 Nd4 18. Qf2 O-O-O 19. c3 Nc6 20. Bg5 hxg5 21.
Rxd7 Rxd7 22. hxg5 Nxe5 23. Kb1 Rh4 24. Qe2 Ng6 25. Rxf7 Rxf7 26. Qxe6+ Rd7 27.
Qxg6 Kc7 28. Qe6 Rf4 29. a3 Rf2 30. Ne4 Rxg2 31. Qe5+ Bd6 32. Qd5 Rg1+ 33. Ka2
Re1 34. Nxd6 Rxd6 35. Qxc5+ Rc6 36. Qxa7 Re5 37. Qf2 Rce6 38. Qf4 Kc6 39. a4 g6
40. Kb3 Rf5 41. Qg4 Ree5 42. Qc4+ Kd7 43. Qd4+ Kc6 44. Qc4+ Kd7 45. Qb4 Kc6 46.
Ka3 Rxg5 47. Qf8 Kc7 48. Kb4 Ref5 49. Qe8 Re5 50. Qh8 Re4+ 51. c4 Re6 52. Qg7+
Kc6 53. Qg8 Kd7 54. Qb8 Rb6+ 55. Ka3 Rf5 56. Qg3 g5 57. Qg4 Rf6 58. a5 Kc7 59.
Ka4 Rf4 60. Qg3 g4 61. b4 Kd6 62. c5+ Ke5 63. Kb5 Kf5 64. Qd3+ Re4 65. Qd5+ Kf4
66. Qxb7 g3 67. Qg7 Rf5 68. a6 Rg5 69. Qf6+ Kg4 70. Qc6 Kf3 71. a7 Rg8 72. Qd5
Rf8 73. Qd3+ Re3 74. Qf1+ 1-0

[Event "Mondiale Lampo FIDE 2017"]
[Site "Riyadh"]
[Date "30.12.2017"]
[Round "19.14"]
[White "Amonatov, Farrukh"]
[Black "Leko, Peter"]
[Result "1/2-1/2"]
[WhiteTitle "GM"]
[BlackTitle "GM"]
[WhiteElo "2636"]
[BlackElo "2691"]
[WhiteFideId "14700077"]
[BlackFideId "703303"]
[EventDate "2017.12.29"]

1. e4 e5 2. Nf3 Nc6 3. Bc4 Bc5 4. c3 Nf6 5. d4 exd4 6. e5 d5 7. Bb5 Ne4 8. cxd4
Bb6 9. Nc3 O-O 10. Be3 Be6 11. O-O f5 12. exf6 Qxf6 13. Bd3 Nxc3 14. bxc3 Bg4
15. Be2 Ne7 16. h3 Bh5 17. Ne5 Bxe2 18. Qxe2 Qe6 19. g4 Ng6 20. f4 Nxe5 21. dxe5
Rae8 22. Rae1 g5 23. Kh2 Bxe3 24. Qxe3 gxf4 25. Rxf4 Rxf4 26. Qxf4 Rf8 27. Qg5+
Kh8 28. Re2 c5 29. Qe3 b6 30. Kg3 Re8 31. Qf4 Kg7 32. h4 Rf8 33. Qg5+ Kh8 34.
Rf2 Re8 35. Qf6+ Kg8 36. Qg5+ Qg6 37. Qf4 h6 38. h5 Qe6 39. Re2 Rf8 40. Qe3 Kg7
41. a4 Rf7 42. Re1 Rf8 43. a5 Rf7 44. a6 Rf8 45. Re2 Rf7 46. Re1 Rf8 47. Re2 Rf7
48. Re1 1/2-1/2

[Event "Mondiale Lampo FIDE 2017"]
[Site "Riyadh"]
[Date "30.12.2017"]
[Round "19.15"]
[White "Salem, A.R. Saleh"]
[Black "Onischuk, Vladimir"]
[Result "1-0"]
[WhiteTitle "GM"]
[BlackTitle "GM"]
[WhiteElo "2638"]
[BlackElo "2637"]
[WhiteFideId "9301348"]
[BlackFideId "14114038"]
[EventDate "2017.12.29"]

1. d4 d6 2. c4 g6 3. Nc3 Bg7 4. e4 Nf6 5. h3 O-O 6. Be3 c6 7. Nf3 a6 8. a4 a5 9.
Be2 Na6 10. O-O Nb4 11. Qd2 Nd7 12. Bg5 Re8 13. Rad1 Qc7 14. h4 e5 15. h5 exd4
16. Nxd4 Nc5 17. h6 Bh8 18. Qf4 f6 19. Bh4 Qe7 20. Bg3 Rd8 21. Rfe1 Be6 22. Bf1
Bf7 23. Qg4 Qd7 24. Nf5 Qe6 25. Bxd6 Rxd6 26. Rxd6 Qe8 27. e5 Be6 28. exf6 Bxf6
29. Qg3 Qf7 30. Ng7 Bxg7 31. hxg7 Re8 32. Ne4 Nba6 33. Ng5 Qxg7 34. Nxe6 1-0

[Event "Mondiale Lampo FIDE 2017"]
[Site "Riyadh"]
[Date "30.12.2017"]
[Round "19.16"]
[White "Howell, David W L"]
[Black "Mamedov, Rauf"]
[Result "1/2-1/2"]
[WhiteTitle "GM"]
[BlackTitle "GM"]
[WhiteElo "2676"]
[BlackElo "2709"]
[WhiteFideId "410608"]
[BlackFideId "13401653"]
[EventDate "2017.12.29"]

1. e4 c5 2. c3 d6 3. d4 Nf6 4. Bd3 g6 5. dxc5 dxc5 6. e5 Nh5 7. h3 Nc6 8. Nf3
Ng7 9. Qe2 Ne6 10. O-O Bg7 11. Re1 Qc7 12. a4 b6 13. Na3 Bb7 14. Be4 O-O 15. Nc4
Ba6 16. Bd5 Rad8 17. Qe4 Bb7 18. Ne3 Qc8 19. b4 Kh8 20. Ba3 Bh6 21. Ng4 Bg7 22.
Ne3 Bh6 23. Ng4 Bg7 24. Rad1 Rxd5 25. Rxd5 Nb8 26. bxc5 bxc5 27. c4 Na6 28. Qc2
Nb4 29. Bxb4 cxb4 30. Qd2 Qxc4 31. Rd3 a5 32. Rde3 h5 33. Rc1 Qa6 34. Ngh2 Bh6
35. Qe1 Bxe3 36. Qxe3 Kg7 37. Nd4 Nxd4 38. Qxd4 Qe6 39. Nf1 Qd5 40. Qxd5 Bxd5
41. Rc5 e6 42. Rxa5 b3 43. Rb5 Rc8 44. Ne3 Be4 45. Rxb3 Rc1+ 46. Kh2 Ra1 47. Rb4
Bc6 48. Rc4 Bxa4 49. h4 Bb5 50. Rb4 Bc6 51. Kg3 Ra5 52. Rc4 Be8 53. Kf4 Ra2 54.
f3 Ra5 55. Rb4 Bb5 56. Nc4 Bxc4 57. Rxc4 Ra2 58. g3 Re2 59. Ra4 Kh6 60. Ra7 Kg7
61. Ra4 f6 62. Ra7+ Kh6 63. g4 g5+ 64. hxg5+ fxg5+ 65. Kg3 h4+ 66. Kh3 Rxe5 67.
Ra3 Kg6 68. Rb3 Re1 69. Ra3 Re2 70. Rb3 Rf2 71. Ra3 Kf6 72. Re3 Ke7 73. Rd3 e5
74. Ra3 Kf6 75. Ra6+ Ke7 76. Rg6 Rxf3+ 77. Kh2 e4 78. Rxg5 e3 79. Kg2 Rg3+ 80.
Kf1 h3 81. Rh5 Kf6 82. Ke2 Kg6 83. Kd3 Kf6 84. Ke2 Kg6 85. Kd3 Kf7 86. Ke2 Ke6
87. Kd3 Kf6 88. Ke2 Kg6 89. Kd3 Rg1 90. Rxh3 Rxg4 1/2-1/2

[Event "Mondiale Lampo FIDE 2017"]
[Site "Riyadh"]
[Date "30.12.2017"]
[Round "19.17"]
[White "Wang, Yue"]
[Black "Kryvoruchko, Yuriy"]
[Result "1-0"]
[WhiteTitle "GM"]
[BlackTitle "GM"]
[WhiteElo "2690"]
[BlackElo "2689"]
[WhiteFideId "8601429"]
[BlackFideId "14109182"]
[EventDate "2017.12.29"]

1. d4 Nf6 2. c4 e6 3. Nf3 d5 4. g3 Be7 5. Bg2 O-O 6. Nc3 dxc4 7. Ne5 c5 8. dxc5
Qxd1+ 9. Nxd1 Bxc5 10. Nc3 Nc6 11. Nxc4 Bd7 12. O-O Rfd8 13. Rd1 Be8 14. Bf4
Rac8 15. Nd6 Bxd6 16. Bxd6 Na5 17. Bb4 Nc6 18. Ba3 Na5 19. Rxd8 Rxd8 20. b3 Bc6
21. Bb4 Bxg2 22. Bxa5 b6 23. Bxb6 axb6 24. Kxg2 g5 25. Rd1 Rc8 26. Rd3 Kg7 27.
h3 Kg6 28. a4 Rc5 29. g4 h5 30. f3 Ng8 31. Kf2 hxg4 32. hxg4 Ne7 33. Ke3 Nc6 34.
Kd2 f5 35. Rd6 Kf7 36. Rd7+ Kf6 37. Rb7 Ke5 38. Rxb6 Nd4 39. b4 Rc8 40. a5 Rd8
41. Ke3 Rc8 42. Nb5 Nc2+ 43. Kf2 f4 44. Rb7 Nxb4 45. Na7 Ra8 46. Rxb4 Rxa7 47.
Ra4 Ra6 48. e3 Kd5 49. exf4 gxf4 50. Ke2 Kc5 51. Kd3 e5 52. Ke4 Kb5 53. Ra1 Re6
54. a6 1-0